<?xml version="1.0" encoding="UTF-8"?>
<collection xmlns="http://www.loc.gov/MARC21/slim">
 <record>
  <leader>00568nam a22001575a 4500</leader>
  <controlfield tag="001">EUN.um055621</controlfield>
  <controlfield tag="003">AR-BaUNS</controlfield>
  <controlfield tag="005">20050623122921.0</controlfield>
  <controlfield tag="008">041125s1926####sp############000#0#spa#d</controlfield>
  <datafield tag="245" ind1="1" ind2="0">
   <subfield code="a">Historia de la entrada de Ciro el meno en el Asia y de la retirada de los diez mil griegos que fueron con él por Xenofonte /</subfield>
   <subfield code="c"> Jenofonte, Casimiro Flórez Canseco.</subfield>
  </datafield>
  <datafield tag="260" ind1=" " ind2=" ">
   <subfield code="a">Madrid :</subfield>
   <subfield code="b">Hernando,</subfield>
   <subfield code="c">1926.</subfield>
  </datafield>
  <datafield tag="300" ind1=" " ind2=" ">
   <subfield code="a">316 p.</subfield>
  </datafield>
  <datafield tag="100" ind1="1" ind2=" ">
   <subfield code="a">Jenofonte.</subfield>
  </datafield>
  <datafield tag="700" ind1="1" ind2=" ">
   <subfield code="a">Flórez Canseco, Casimiro</subfield>
   <subfield code="e">traducción.</subfield>
  </datafield>
  <datafield tag="082" ind1="0" ind2="4">
   <subfield code="a">888</subfield>
  </datafield>
  <datafield tag="859" ind1=" " ind2=" ">
   <subfield code="a">Ar-BaUNS</subfield>
   <subfield code="b">Dto. Humanidades</subfield>
   <subfield code="h">888</subfield>
   <subfield code="i">J45-4</subfield>
   <subfield code="p">447/959</subfield>
  </datafield>
 </record>
</collection>
